000
00313nam a2200121Ia 4500
008
220204s9999 xx 000 0 und d
082
_a
941
_b
ECK
100
_a
Eckles, Robert B
245
0
_a
Britain her problems and the commonwealth
260
_a
Bombay
_b
Allied
_c
1954
700
_a
Hale, Richard W
942
_c
BK
999
_c
20934
_d
20934